[Event "Troisdorf op"]
[Site "Troisdorf"]
[Date "2004.11.30"]
[Round "5"]
[White "Dieterle, Robert"]
[Black "Lorse, Klaus"]
[Result "1-0"]
[WhiteElo "1756"]
[BlackElo "1552"]
[PlyCount "23"]
[EventDate "2004.11.02"]
[EventType "swiss"]
[EventRounds "7"]
[EventCountry "GER"]
[SourceTitle "EXT 2006"]
[Source "ChessBase"]
[SourceDate "2005.11.24"]
[SourceVersion "1"]
[SourceVersionDate "2005.11.24"]
[SourceQuality "1"]

1. d4 d5 2. c4 dxc4 3. Nc3 g6 4. Nf3 Bg7 5. Bf4 a6 6. e3 b5 7. a4 c6 8. axb5 cxb5 9. Nxb5 Bb7 10. Nc7+ Kf8 11. Nxa8 Bxa8 12. Bxc4 1-0

[Event "Troisdorf op"]
[Site "Troisdorf"]
[Date "2004.11.09"]
[Round "2"]
[White "Lorse, Klaus"]
[Black "Reiter, Ute"]
[Result "1-0"]
[WhiteElo "1552"]
[BlackElo "981"]
[PlyCount "53"]
[EventDate "2004.11.02"]
[EventType "swiss"]
[EventRounds "7"]
[EventCountry "GER"]
[SourceTitle "EXT 2006"]
[Source "ChessBase"]
[SourceDate "2005.11.24"]
[SourceVersion "1"]
[SourceVersionDate "2005.11.24"]
[SourceQuality "1"]

1. Nf3 d5 2. d4 Nf6 3. Bf4 e6 4. h3 Bd6 5. Ne5 0-0 6. e3 Re8 7. c4 Nbd7 8. Nc3 a6 9. Bd3 Qe7 10. c5 Bxe5 11. dxe5 Ne4 12. Nxe4 dxe4 13. Bxe4 Nxc5 14. Bc2 Bd7 15. Qh5 g6 16. Qg4 Bb5 17. 0-0-0 Rad8 18. Bg5 Rxd1+ 19. Rxd1 Qf8 20. Bf6 Nd7 21. Rxd7 Bxd7 22. h4 h5 23. Qg5 Kh7 24. Qf4 Qh6 25. Bg5 Qf8 26. g4 Qc5 27. Qxf7+ 1-0

[Event "Troisdorf op"]
[Site "Troisdorf"]
[Date "2004.11.02"]
[Round "1"]
[White "Gruene, Nils"]
[Black "Lorse, Klaus"]
[Result "1-0"]
[WhiteElo "1991"]
[BlackElo "1552"]
[PlyCount "36"]
[EventDate "2004.11.02"]
[EventType "swiss"]
[EventRounds "7"]
[EventCountry "GER"]
[SourceTitle "EXT 2006"]
[Source "ChessBase"]
[SourceDate "2005.11.24"]
[SourceVersion "1"]
[SourceVersionDate "2005.11.24"]
[SourceQuality "1"]

1. e4 e5 2. Nf3 Nc6 3. Nc3 g6 4. d4 exd4 5. Nxd4 Nge7 6. Bg5 Nxd4 7. Qxd4 Rg8 8. Nd5 Bg7 9. Nf6+ Bxf6 10. Bxf6 d6 11. 0-0-0 Be6 12. e5 Nf5 13. Qb4 Qc8 14. g4 Ne7 15. exd6 Nd5 16. Rxd5 Bxd5 17. Bg2 Be6 18. Bxb7 Rb8 1-0

[Event "Troisdorf op"]
[Site "Troisdorf"]
[Date "2002.11.19"]
[Round "4"]
[White "Azarnousha, Framarz"]
[Black "Lorse, Klaus"]
[Result "1-0"]
[WhiteElo "1152"]
[BlackElo "1617"]
[PlyCount "43"]
[EventDate "2002.10.??"]
[EventType "swiss"]
[EventRounds "7"]
[EventCountry "GER"]
[SourceTitle "EXT 2005"]
[Source "ChessBase"]
[SourceDate "2004.11.15"]
[SourceVersion "1"]
[SourceVersionDate "2004.11.15"]
[SourceQuality "1"]

1. e4 e5 2. b3 Nf6 3. d3 c6 4. Bb2 d6 5. c4 Be7 6. a3 Qb6 7. d4 Nxe4 8. Nf3 0-0 9. Bd3 d5 10. Bxe4 dxe4 11. c5 Qc7 12. Nxe5 Re8 13. b4 Be6 14. 0-0 Nd7 15. Nc3 Rad8 16. Nxd7 Rxd7 17. Nxe4 Bd5 18. Re1 Bd8 19. Nf6+ gxf6 20. Rxe8+ Kg7 21. Qg4+ Kh6 22. Bc1+ 1-0

[Event "Troisdorf op"]
[Site "Troisdorf"]
[Date "2002.11.12"]
[Round "3"]
[White "Lorse, Klaus"]
[Black "Abedinzadeh, Ali"]
[Result "0-1"]
[WhiteElo "1617"]
[BlackElo "1315"]
[PlyCount "66"]
[EventDate "2002.10.??"]
[EventType "swiss"]
[EventRounds "7"]
[EventCountry "GER"]
[SourceTitle "EXT 2005"]
[Source "ChessBase"]
[SourceDate "2004.11.15"]
[SourceVersion "1"]
[SourceVersionDate "2004.11.15"]
[SourceQuality "1"]

1. Nf3 c5 2. e4 Nc6 3. c3 e6 4. d4 cxd4 5. cxd4 a6 6. Nc3 Nge7 7. Bd3 Ng6 8. 0-0 Be7 9. Re1 Qc7 10. a3 f6 11. Bd2 b6 12. Rc1 Qb8 13. Qc2 Kf7 14. Bc4 Bd6 15. g3 Re8 16. Ne2 Bb7 17. d5 Nce5 18. Nxe5+ Nxe5 19. dxe6+ dxe6 20. Kg2 b5 21. Bd3 g5 22. Nd4 Qd8 23. Be2 g4 24. Bd1 Rc8 25. Qb3 Bc5 26. Rxc5 Qxd4 27. Rxc8 Bxe4+ 28. Kf1 Rxc8 29. Qe3 Bd3+ 30. Kg1 Qxe3 31. Rxe3 Bf5 32. Bc3 Nc4 33. Bc2 Nxe3 0-1